000 00693cam a22002531 4500
001 2768916
003 ARRUPE
005 20131205182624.0
008 891102s1956 enka 000 0 eng d
035 _a(OCoLC)ocm20587606
035 _a(NNC)2768916
040 _aKKU
_cKKU
_dZCU
050 _aSPC SK17.T3A3
099 _a799
_aT215
100 1 _aTaylor, John,
_d1900-1969.
_95254
245 1 0 _aPondoro;
_blast of the ivory hunters.
260 _aLondon,
_bFrederick Muller,
_c[c1956]
300 _a275 p.
_billus.
_c23 cm.
500 _aAutobiographical.
600 1 0 _aTaylor, John,
_d1900-1969.
_95255
650 0 _aHunting
_zAfrica.
_95256
942 _2lcc
_cMONOGRAPH
999 _c119116
_d119116